Missing Word: Magical Music Quiz Stats

 Plays Quiz Updated Jul 10, 2014

Support Sporcle.
Go Orange.
Score 0/16 Timer 03:00
0 Plays Today
Song Title Missing Word % Correct
Puff, the Magic _____Dragon
95.9%
Do You _____ in Magic?Believe
95.8%
Every _____ Thing She Does Is MagicLittle
90.9%
_____ Magic WomanBlack
84.9%
Magic _____ RideCarpet
84%
Magical _____ TourMystery
76.6%
This Magic _____Moment
64%
_____ Can Do MagicYou
58.4%
Song Title Missing Word % Correct
Magic _____Man
52.8%
Magic _____Touch
29%
Magic _____Bus
25.5%
Little _____ MagicMiss
22.8%
A _____ of MagicKind
20%
_____ MagicStrange
12.4%
Spanish _____ MagicCastle
8.4%
Those Magic _____Changes
5.4%

Today's Daily Dose

You're not logged in!

Compare scores with friends on all Sporcle quizzes.
OR
Log In

From the Vault

Pixelated Superhero Logos

by Chenchilla

This is what it looks like when the commissioner doesn't have an HD distress signal.
Remove Ads.
Support Sporcle.
Get the best of Sporcle when you Go Orange. This ad-free experience offers more features, more stats, and more fun while also helping to support Sporcle. Thank you for becoming a member.

Show Comments

Extras

Top Quizzes Today


Score Distribution

Your Account Isn't Verified!

In order to create a playlist on Sporcle, you need to verify the email address you used during registration. Go to your Sporcle Settings to finish the process.

Report this User

Report this user for behavior that violates our Community Guidelines.

Details: